Bodies of Water: Africa Quiz Stats

 Plays Quiz not verified by Sporcle

Challenge
Share
Tweet
Score 0/14 Timer 03:00
0 Plays Today
% Correct
Atlantic Ocean
91.4%
Red Sea
90.5%
Mediterranean Sea
87.7%
Indian Ocean
86.2%
Lake Victoria
78.4%
Strait of Gibraltar
73.1%
Suez Canal
70.1%
% Correct
Lake Malawi
62.7%
Gulf of Aden
61.2%
Lake Tanganyika
53.7%
Gulf of Guinea
53%
Mozambique Channel
48.5%
Arabian Sea
47%
Levantine Sea
18.5%

You're not logged in!

Compare scores with friends on all Sporcle quizzes.
OR
Log In

You Might Also Like...

Show Comments

Extras

Curator's Pick Dec 4, 2018ReportNominate
Tags:Africa Quiz, Continent Quiz

Top Quizzes Today


Score Distribution

Your Account Isn't Verified!

In order to create a playlist on Sporcle, you need to verify the email address you used during registration. Go to your Sporcle Settings to finish the process.

Report this User

Report this user for behavior that violates our Community Guidelines.

Details: